00548nam a2200181 a 45000010010000000030011000100080041000210350026000620820017000881000018001052450043001232600039001666500023002059420012002289520091002409980020003319990015003510000-8684ELIB.Books110520 1952  a(ELIB.Books)0000-8830 a808.88 bPos aPosselt, Eric aThe World's Greatest Christmas Stories bKingswood: The World's Work c1952 aChristmas- Stories 2ddccBK 00102ddc4070aKBTSbKBTSd2011-05-20l0p11568r2022-01-22 00:00:00w2022-01-22yBK cbate2011-05-20 c8684d8684